Apuntes de anatomía y fisiología animal /

Guardado en:
Autor Principal: Ochoa, José.
Formato: Libro
Idioma:Spanish
Publicado: Buenos Aires : Centro Argentino de Estudiantes de Agronomía, 1938.
Etiquetas: Agregar Etiqueta
Sin Etiquetas, Sea el primero en etiquetar este registro!
LEADER 00552nam a22001455a 4500
001 EEA.libagro004608
005 20181108121400.0
008 130809s1938####ag#a##########000#0#spa#d
082 0 4 |a 636.0892 
100 1 |a Ochoa, José. 
245 1 0 |a Apuntes de anatomía y fisiología animal /  |c José Ochoa. 
260 |a Buenos Aires :  |b Centro Argentino de Estudiantes de Agronomía,  |c 1938. 
300 |a 2 v. :  |b il. ;  |c 35 cm. 
859 |a AR-BbBCA  |b BIB. AGRONOMIA  |h 636.0892  |i O16  |p 1992/1853  |v Vol. 1  |3 Vol. 1 
859 |a AR-BbBCA  |b BIB. AGRONOMIA  |h 636.0892  |i O16  |p 1992/1854  |v 2  |3 Vol. 2